000 00562nam a2200169Ia 4500
005 20250508152800.0
008 008 250505s9999 xx 000 0 eng d
037 _aTextual
040 _aFEDL
_beng
_cFEDL
041 _aeng
_2eng
084 _a374.954, IND
_qFEDL
245 0 _aSocial education in rural reconstruction: Report of the seventh national seminar Dabok, December 12-18, 1956
260 _aDelhi, India
_bIndian Adult Education Association
_c1957
300 _avi,44p.
942 _cTEXL
_h374.954, IND
999 _c1338724
_d1338724